000 00341nam a2200157Ia 4500
003 Ost
005 20260225132548.0
008 260225s9999||||xx |||||||||||||| ||und||
040 _cfsic
041 _afre
082 _a440
100 _aYachar
_eAuteur
245 0 _aLe routour de mémed le mince /
245 0 _cYachar
942 _cكتاب
999 _c33937
_d33937